Actitudes de los creoles de bluefields hacia la implementación de su lengua materna kriol en educación primaria EIB (Record no. 174898)
[ view plain ]
| 000 -CABECERA | |
|---|---|
| campo de control de longitud fija | 02420nab a2200313 a 4500 |
| 005 - FECHA Y HORA DE LA ÚLTIMA TRANSACCIÓN | |
| campo de control | 20210219162352.0 |
| 008 - ELEMENTOS DE LONGITUD FIJA--INFORMACIÓN GENERAL | |
| campo de control de longitud fija | 991125s1985 mx 000 0 spa u |
| 035 ## - NÚMERO DE CONTROL DEL SISTEMA | |
| Número de control de sistema | UPN01000202797 |
| 049 ## - COLECCIÓN | |
| Colección | ART-E |
| 100 1# - ASIENTO PRINCIPAL--NOMBRE PERSONAL | |
| Nombre de persona | Quinn Narcisso, Hermin |
| 100 1# - ASIENTO PRINCIPAL--NOMBRE PERSONAL | |
| Nombre de persona | Sandino, Saida |
| 222 #0 - TÍTULO CLAVE | |
| Título clave | CIENCIA E INTERCULTURALIDAD |
| 245 00 - MENCIÓN DE TÍTULO | |
| Título | Actitudes de los creoles de bluefields hacia la implementación de su lengua materna kriol en educación primaria EIB |
| 260 ## - PUBLICACIÓN, DISTRIBUCIÓN, ETC. | |
| Lugar de publicación, distribución, etc. | Nicaragua |
| 300 ## - DESCRIPCIÓN FÍSICA | |
| Extensión | 64-76 |
| 362 0# - FECHAS DE PUBLICACIÓN Y/O DESIGNACIÓN SECUENCIAL | |
| Fecha de publicación y/o designación secuencial | 2013 Vol. 13, no. 2, jul.-dic. |
| 336 ## - TIPO DE CONTENIDO | |
| Término de tipo de contenido | texto$2rdacontent |
| 337 ## - TIPO DE MEDIO | |
| Nombre/término del tipo de medio | computadora$2rdamedia |
| 338 ## - TIPO DE SOPORTE | |
| Nombre/término del tipo de soporte | recurso en linea$2rdacarrier |
| 520 3# - NOTA DE RESUMEN, ETC. | |
| Sumario, etc. | Este estudio se realizó entre miembros de la comunidad creole de Bluefields para conocer sus actitudes sobre el uso del kriol[3] en el Programa Educación Intercultural Bilingüe (EIB). Se ha aportado información sobre la importancia del uso de la lengua materna kriol como lengua de instrucción y educación para la formación de la identidad étnica, lingüística y cultural de los niños y niñas creoles de la Costa Caribe nicaragüense. Los resultados han revelado la existencia de factores históricos, económicos y sociales que han incidido en la actitud de los creoles hablantes en la implementación de su lengua materna en las aulas de clase. Dichas actitudes son resultado en gran medida a la discriminación que ha sufrido la población creole por el origen de su lengua materna, la falta de oportunidades de empleo y de acceso a la educación para el estudio de su lengua y cultura. Así mismo, en su mayoría, los kriol-hablantes mantienen actitudes positivas hacia la implementación de su lengua materna en las aulas de clase argumentando que, con su uso, los estudiantes aprenden a expresarse con mayor seguridad, logran mejores resultados académicos y fortalecen su autoestima. Paralelamente, el grupo de estudio indicó que aspiran a que sus hijos e hijas aprendan, además del kriol, el idioma inglés en vista de que el aprendizaje de este idioma les brindará en el futuro mejores oportunidades laborales. |
| 653 0# - TERMINO DE INDIZACION - NO CONTROLADO | |
| Término no controlado | ACTITUDES |
| 653 0# - TERMINO DE INDIZACION - NO CONTROLADO | |
| Término no controlado | AUTOESTIMA |
| 653 0# - TERMINO DE INDIZACION - NO CONTROLADO | |
| Término no controlado | EDUCACION INTERCULTURAL BILINGÜE |
| 653 0# - TERMINO DE INDIZACION - NO CONTROLADO | |
| Término no controlado | LENGUA MATERNA |
| 653 0# - TERMINO DE INDIZACION - NO CONTROLADO | |
| Término no controlado | SEGUNDA LENGUA |
| 856 4# - LOCALIZACIÓN Y ACCESO ELECTRÓNICOS | |
| Identificador Uniforme del Recurso | <a href="http://revistas.uraccan.edu.ni/index.php/Interculturalidad/article/view/396/337">http://revistas.uraccan.edu.ni/index.php/Interculturalidad/article/view/396/337</a> |
| 905 ## - TIPO DE MATERIAL | |
| Tipo de material | Articulo |
No items available.
